Mechanics of materials / (Record no. 27124)
[ view plain ]
| 000 -LEADER | |
|---|---|
| fixed length control field | 01336cam a22003975a 4500 |
| 001 - CONTROL NUMBER | |
| control field | 018665990 |
| 003 - CONTROL NUMBER IDENTIFIER | |
| control field | EG-ScBUE |
| 005 - DATE AND TIME OF LATEST TRANSACTION | |
| control field | 20190212120853.0 |
| 008 - FIXED-LENGTH DATA ELEMENTS--GENERAL INFORMATION | |
| fixed length control field | 171221t2018 enka fr 001 0 eng d |
| 015 ## - NATIONAL BIBLIOGRAPHY NUMBER | |
| National bibliography number | GBB801221 |
| Source | bnb |
| 016 7# - NATIONAL BIBLIOGRAPHIC AGENCY CONTROL NUMBER | |
| Record control number | 018665990 |
| Source | Uk |
| 020 ## - INTERNATIONAL STANDARD BOOK NUMBER | |
| International Standard Book Number | 9781292178202 (pbk.) |
| 020 ## - INTERNATIONAL STANDARD BOOK NUMBER | |
| International Standard Book Number | 1292178205 (pbk.) |
| 020 ## - INTERNATIONAL STANDARD BOOK NUMBER | |
| International Standard Book Number | 129217823X (etext) |
| 020 ## - INTERNATIONAL STANDARD BOOK NUMBER | |
| International Standard Book Number | 9781292178233 (etext) |
| 040 ## - CATALOGING SOURCE | |
| Original cataloging agency | StDuBDS |
| Language of cataloging | eng |
| Transcribing agency | StDuBDS |
| Modifying agency | EG-ScBUE |
| 082 04 - DEWEY DECIMAL CLASSIFICATION NUMBER | |
| Classification number | 620.1123 |
| Item number | HIB |
| Edition number | 22 |
| 100 1# - MAIN ENTRY--PERSONAL NAME | |
| Personal name | Hibbeler, R. C. |
| 245 10 - TITLE STATEMENT | |
| Title | Mechanics of materials / |
| Statement of responsibility, etc | R. C. Hibbeler ; SI conversion by Kai Beng Yap. |
| 250 ## - EDITION STATEMENT | |
| Edition statement | 10th ed., Global ed. |
| 260 ## - PUBLICATION, DISTRIBUTION, ETC. (IMPRINT) | |
| Place of publication, distribution, etc | Harlow : |
| Name of publisher, distributor, etc | Pearson Education Limited, |
| Date of publication, distribution, etc | c.2018. |
| 300 ## - PHYSICAL DESCRIPTION | |
| Extent | 892 p. : |
| Other physical details | ill. (col.) ; |
| Dimensions | 26 cm. |
| 500 ## - GENERAL NOTE | |
| General note | Includes Internet access. |
| 500 ## - GENERAL NOTE | |
| General note | Includes index. |
| 650 #7 - SUBJECT ADDED ENTRY--TOPICAL TERM | |
| Topical term or geographic name as entry element | Materials. |
| Source of heading or term | BUEsh |
| 650 #7 - SUBJECT ADDED ENTRY--TOPICAL TERM | |
| Topical term or geographic name as entry element | Mechanics, Applied. |
| Source of heading or term | BUEsh |
| 650 #7 - SUBJECT ADDED ENTRY--TOPICAL TERM | |
| Topical term or geographic name as entry element | Strength of materials. |
| Source of heading or term | BUEsh |
| 650 #7 - SUBJECT ADDED ENTRY--TOPICAL TERM | |
| Topical term or geographic name as entry element | Structural analysis (Engineering) |
| Source of heading or term | BUEsh |
| 651 ## - SUBJECT ADDED ENTRY--GEOGRAPHIC NAME | |
| Source of heading or term | BUEsh |
| 653 ## - INDEX TERM--UNCONTROLLED | |
| Resource For college | Engineering, Mechanical |
| Arrived date list | February2019 |
| 655 ## - INDEX TERM--GENRE/FORM | |
| Form subdivision | Text book |
| 700 1# - ADDED ENTRY--PERSONAL NAME | |
| Personal name | Yap, Kai Beng, |
| Relator term | editor. |
| 856 42 - ELECTRONIC LOCATION AND ACCESS | |
| Materials specified | Access to the video solutions |
| Uniform Resource Identifier | <a href="http://www.pearsonglobaleditions.com/">http://www.pearsonglobaleditions.com/</a> |
| 856 42 - ELECTRONIC LOCATION AND ACCESS | |
| Materials specified | Student access code |
| Uniform Resource Identifier | <a href="https://www.pearsonmylabandmastering.com/northamerica/masteringengineering/">https://www.pearsonmylabandmastering.com/northamerica/masteringengineering/</a> |
| 942 ## - ADDED ENTRY ELEMENTS (KOHA) | |
| Source of classification or shelving scheme | Dewey Decimal Classification |
| Withdrawn status | Item status | Source of classification or shelving scheme | Damaged status | Not for loan | Vendor | Home library | Current library | Shelving location | Date acquired | Source of acquisition | Cost, normal purchase price | Total Checkouts | Full call number | Barcode | Date last seen | Cost, replacement price | Koha item type | Total Renewals | Date last borrowed | Serial Enumeration / chronology |
|---|---|---|---|---|---|---|---|---|---|---|---|---|---|---|---|---|---|---|---|---|
| Dewey Decimal Classification | Baccah | Central Library | Central Library | First floor | 12/02/2019 | Purchase | 550.00 | 620.1123 HIB | 000044221 | 15/07/2025 | 687.50 | NB - Book (Non borrowing) | ||||||||
| Dewey Decimal Classification | Baccah | Central Library | Central Library | First floor | 12/02/2019 | Purchase | 550.00 | 620.1123 HIB | 000044222 | 15/07/2025 | 687.50 | NB - Book (Non borrowing) | ||||||||
| Dewey Decimal Classification | Baccah | Central Library | Central Library | First floor | 12/02/2019 | Purchase | 9 | 620.1123 HIB | 000044223 | 15/07/2025 | Book - Borrowing | 23 | 12/12/2024 | |||||||
| Dewey Decimal Classification | Baccah | Central Library | Central Library | First floor | 12/02/2019 | Purchase | 2 | 620.1123 HIB | 000044224 | 15/07/2025 | Book - Borrowing | 5 | 31/10/2020 | |||||||
| Dewey Decimal Classification | Baccah | Central Library | Central Library | First floor | 12/02/2019 | Purchase | 5 | 620.1123 HIB | 000044225 | 15/07/2025 | Book - Borrowing | 15 | 15/08/2024 | |||||||
| Dewey Decimal Classification | Baccah | Central Library | Central Library | First floor | 01/04/2019 | Purchase | 792.00 | 7 | 620.1123 HIB | 000043312 | 15/07/2025 | 990.00 | Book - Borrowing | 34 | 16/10/2024 | 174 |